000 00831nam a2200277 i 4500
001 bg
100 1 _aGREENALL, Simon
245 1 0 _aCAE reading skills /
_cSimon Greenall, Diana Pye.
246 1 _aCambridge CAE reading skills
250 _a8th print.
260 _aCambridge :
_bCambridge University Press,
_c2005.
300 _aVI, 138 s. :
_brys. ;
_c25 cm.
500 _aTyt. okł.: "Cambridge CAE reading skills", odwrotna kolejność autorów.
650 9 _aJęzyk angielski
650 9 _aEgzaminy
655 _aĆwiczenia i zadania
700 1 _aPYE, Diana
020 _a05214557X
040 _cBPK
041 0 _aeng
080 _a811.111(076)
920 _a0-521-4557-X
942 _cKS
008 s pl f |000 0 pol
999 _c51823
_d51823
856 _uhttp://koha.tu.koszalin.pl/cgi-bin/koha/opac-detail.pl?biblionumber=51823
_yKatalog online BPK